Logos Alphabetically Sports Teams #4 - Statistics

General Stats
  • This quiz has been taken 30 times
  • The average score is 13 of 14
Answer Stats
Picture Answer % Correct
Heat
100%
Jazz
100%
Packers
100%
Devils
95%
Bengals
91%
Cubs
91%
Kracken
91%
Magic
91%
Astros
86%
Golden Knights
86%
Suns
86%
Wild
86%
Royals
82%
Tigers
68%
No matching quizzes found
Score Distribution
Percent of People with Each Score
Percentile by Number Answered
Your Score History
You have not taken this quiz